000 00493nam a2200157Ia 4500
999 _c19444
_d19444
003 OSt
005 20200610145052.0
008 190216s9999||||xx |||||||||||||| ||und||
040 _coclc
082 _a294.50954
_bOMA/B
100 _aOman, John Campbell
_92752
245 0 _aThe Brahmans,Theists,And Muslims Of India /
_cJohn Campbell Oman
260 _bIndological Book House,
_c1991.
_aDelhi:
300 _a341p
942 _cBK
_2ddc
_h294.50954
_iOMA/B
_k294.50954
_mOMA/B